01299nam0a22002651 4500001001100000005001700011035002600028100004100054101000800095102000700103105001800110200032400128210003500452215003400487300013800521320004900659320003900708606008400747606008400831700002700915701003300942801001800975801002200993852001801015rc\229497820250623072536.0 a(NLR Aleph) 006666022 a20110829d1977 |||y0rusy50 ca0 arus aRU aab z |||||1 aНефтяная геология и ресурсы Ближнего и Среднего ВостокаfЗ.Р. Бейдун, Г.В. ДаннингтонgПер. с англ. В.И. Высоцкого и Н.П. ГоленковойgПод ред. канд. геол.-минер. наук В.И. Высоцкого aМоскваcНедраd1977 a135 с.cил., карт.d21 aПеревод изд.: The petroleum geology and resources of the Middle East / By Z.R. Beydoun, H.Y. Dunnington. C Sci. press, 1975 aСписки лит.: с. 120-123 и с. 130 aПредм. указ.: с. 131-134 aНефтяные месторожденияyСредний Восток2rkp aНефтяные месторожденияyБлижний Восток2rkp 1aБейдунbЗ.Р. 1aДаннингтонbГ.В. 0aRUbNLRgpsbo 1aRUbELAR2rusmarc aNLRj78-5/602